000 00798nam a2200217Ii 4500
003 JO-AjNU
008 230605s9999||||xx |||||||||||||| ||und||
017 _a2006/7/1737
040 _aJO-AjNU
_bara
_erda
_cJO-AjNU
041 _aara
050 1 4 _aBP490.43.R39.A37 2006
100 3 _aالحنفي، زين الدين محمد بن أبي بكر ؛ أبو الحاج، صلاح محمد,
_eauthor
_923572
245 0 0 _aتحفة الملوك ومعه نفحات السلوك على تحفة الملوك
250 _aط1
264 3 1 _aعمان: دار الفاروق، 2006
300 _a346ص
_bالفهارس الفنية ص331-346
336 _atext
_btxt
_2rdacontent
337 _aunmediated
_bn
_2rdamedia
338 _avolume
_bnc
_2rdacarrier
650 4 _aالفقه الحنفي
_923573
999 _aA8547
_c12115
_d12115